| 000 | 01089nam a22002537a 4500 | ||
|---|---|---|---|
| 999 |
_c119787 _d119787 |
||
| 005 | 20181116131713.0 | ||
| 010 | _aB-158166, B-141325 | ||
| 020 |
_c150.00 _a8179000303 |
||
| 035 | _aB-158166, B-141325 | ||
| 037 | _bCen Lib/Ret | ||
| 082 |
_a158.1 _bशर्माप |
||
| 100 | _aशर्मा, पवित्र कुमार | ||
| 245 |
_aआदर्श जीवन कैसे जियें / _cपवित्र कुमार शर्मा |
||
| 246 |
_aAdarsh jeevan kaise jiyen / _bby Pavitra Kumar Sharma |
||
| 260 |
_aनयी दिल्ली _bएम.एन. पब्लिशर्स _c2004 |
||
| 270 |
_bनयी दिल्ली _aW-112, ग्रेटर कैलाश _e110048 |
||
| 300 |
_a143पृ. _c19सेमी(सजिल्द ) |
||
| 650 |
_aआदर्श जीवन _x _z |
||
| 650 | _aशिष्टाचार--अध्ययन | ||
| 650 | _aIdeal Life | ||
| 650 | _aEtiquette - study | ||
| 942 |
_2ddc _cHN _h158.1 _mशर्माप |
||